Online Catalogue and eLibrary

Women's Work: (Record no. 1680)

MARC details
000 -LEADER
fixed length control field 00533nam a2200217Ia 4500
005 - DATE AND TIME OF LATEST TRANSACTION
control field 20250130034503.0
008 - FIXED-LENGTH DATA ELEMENTS--GENERAL INFORMATION
fixed length control field 240331s9999 xx 000 0 und d
020 ## - INTERNATIONAL STANDARD BOOK NUMBER
ISBN 0394719603
082 ## - DDC Classification
Item Number - Author Mark OAK
DDC Edition Number 44
Class No. 305.4
100 ## - MAIN ENTRY--PERSONAL NAME
Personal name Oakley, A
245 #0 - TITLE STATEMENT
Title Women's Work:
Remainder of title The Housewife, Past and Present
250 ## - EDITION STATEMENT
Edition statement 2nd Edition
260 ## - PUBLICATION, DISTRIBUTION, ETC.
Place of publication, distribution, etc. New York
Name of publisher, distributor, etc. Vintage Books
Date of publication, distribution, etc. 1976
300 ## - PHYSICAL DESCRIPTION
Extent (e.g. Volumes, Pages etc.) x, 275 p.,
650 ## - SUBJECT ADDED ENTRY--TOPICAL TERM
Topical term or geographic name entry element Women
650 ## - SUBJECT ADDED ENTRY--TOPICAL TERM
Topical term or geographic name entry element Housework
650 ## - SUBJECT ADDED ENTRY--TOPICAL TERM
Topical term or geographic name entry element Worker
650 ## - SUBJECT ADDED ENTRY--TOPICAL TERM
Topical term or geographic name entry element Industrialization
650 ## - SUBJECT ADDED ENTRY--TOPICAL TERM
Topical term or geographic name entry element Motherhood
942 ## - Koha item type (Biblio)
Koha item type Books in Stacks (Lending)
Holdings
Lost status Damaged status Collection code Home library Current library Shelving location Date acquired Full call number Accession Number Item type
    Lending WERC Library WERC Library Social Science Cupboard 03/31/2024 305.4 OAK 44 Books in Stacks (Lending)

© WERC Library